Impact of information technology on libraries / (Record no. 63510)

MARC details
000 -LEADER
fixed length control field 00440nam a22001457a 4500
005 - DATE AND TIME OF LATEST TRANSACTION
control field 20180823142758.0
020 ## - INTERNATIONAL STANDARD BOOK NUMBER
International Standard Book Number 817000294X
Terms of availability 725.00
035 ## - SYSTEM CONTROL NUMBER
System control number B-31121, B-031120, B-031123
037 ## - SOURCE OF ACQUISITION
Stock number DPL
Source of stock number/acquisition ENG
100 ## - MAIN ENTRY--PERSONAL NAME
Personal name Panigrahi, R M
245 ## - TITLE STATEMENT
Title Impact of information technology on libraries /
Statement of responsibility, etc by R M Panigrahi
260 ## - PUBLICATION, DISTRIBUTION, ETC. (IMPRINT)
Place of publication, distribution, etc New Delhi
Name of publisher, distributor, etc Ess Ess Publicatons
Date of publication, distribution, etc 2000
300 ## - PHYSICAL DESCRIPTION
Extent 325p.
Dimensions 18 cms.
942 ## - ADDED ENTRY ELEMENTS (KOHA)
Source of classification or shelving scheme Dewey Decimal Classification
Item type English Books
Classification part 028
Call number suffix PAN
Holdings
Withdrawn status Lost status Not for loan Collection code Home library Current library Date acquired Cost, normal purchase price Full call number Barcode Cost, replacement price Koha item type Source of acquisition
      Non-fiction Patel Nagar Patel Nagar 04/08/2018 725.00 028 PAN   725.00 English Books BPPD/PUB
      Non-fiction Sarojini Nagar Sarojini Nagar 27/02/2012 725.00 028 PAN B-31121 725.00 English Books  
      Non-fiction Shahdara Branch Shahdara Branch 23/08/2018 725.00 028 PAN B-031123 725.00 English Books BPPD/PUB

© Delhi Public Library
Hit Counter
free hit counter